LEADER 00929nam0-22003251i-450 001 990004603760403321 005 20220630125644.0 010 $a2-13-040006-x 035 $a000460376 035 $aFED01000460376 035 $a(Aleph)000460376FED01 035 $a000460376 100 $a19990530d1987----km-y0itay50------ba 101 0 $aita 105 $ay-------001yy 200 1 $aFragments$fHeraclite$gtexte etabli$gtraduit$gcommente par Marcel Conche 205 $a2e ed. 210 $aParis$cPresses Universitaires de France$d1987 215 $a496 p.$d22 cm 225 1 $aEpimethee 500 1 $a$951223 700 1$aHeraclitus :$cEphesius$f<6.-5. sec. a. C.>$0392743 702 1$aConche,$bMarcel 801 0$aIT$bUNINA$gRICA$2UNIMARC 901 $aBK 912 $a990004603760403321 952 $a190 EPIN 077 ed. 2.$bbibl.7215$fFLFBC 959 $aFLFBC 996 $aFragmenta$951223 997 $aUNINA LEADER 01404nam a2200373 i 4500 001 991000816319707536 005 20020507173943.0 008 950427s1995 us ||| | eng 020 $a0387943382 020 $a9781461286882 (pbk.) 035 $ab10761214-39ule_inst 035 $aLE01302756$9ExL 040 $aBibl. Dip.le Aggr. Matematica e Fisica - Sez. Matematica$beng 082 0 $a516.36 084 $aAMS 53-01 084 $aAMS 53C 084 $aQA614.3.L34 100 1 $aLang, Serge$01160 245 10$aDifferential and Riemannian manifolds /$cSerge Lang 250 $a3rd ed 260 $aNew York :$bSpringer,$cc1995 300 $axiii, 364 p. ;$c24 cm 490 0 $aGraduate texts in mathematics,$x0072-5285 ;$v160 500 $aIncludes bibliographical references and index 500 $aOrig. publ. - Addison-Wesley, 1962 650 4$aDifferentiable manifolds 650 4$aRiemannian manifolds 907 $a.b10761214$b22-11-19$c28-06-02 912 $a991000816319707536 945 $aLE013 53-XX LAN11 (1968)$g1$i2013000035178$lle013$o-$pE0.00$q-$rl$s- $t0$u12$v1$w12$x0$y.i10856481$z28-06-02 945 $aLE013 53-XX LAN11 C.2 (1995)$cC.2$g1$i2013000230719$lle013$op$pE62.35$q-$rl$s- $t0$u0$v0$w0$x0$y.i15908045$z22-11-19 996 $aDifferential and Riemannian manifolds$979347 997 $aUNISALENTO 998 $ale013$b01-01-95$cm$da $e-$feng$gus $h0$i1 LEADER 01423aam 2200409I 450 001 9910709906303321 005 20151118015318.0 024 8 $aGOVPUB-C13-7a3bfef1b9a827c3e26d8b7d0a5e85ad 035 $a(CKB)5470000002475208 035 $a(OCoLC)929879408 035 $a(EXLCZ)995470000002475208 100 $a20151118d1979 ua 0 101 0 $aeng 181 $2rdacontent 182 $2rdamedia 183 $2rdacarrier 200 10$aInterlaboratory programs for rubber $eAnalyses no. 38 October - December 1978 /$fJ. Horlick; T. L. Cummings; G. W. Bullman 210 1$aGaithersburg, MD :$cU.S. Dept. of Commerce, National Institute of Standards and Technology,$d1979. 215 $a1 online resource 225 1 $aNBSIR ;$v79-1373 300 $a1979. 300 $aContributed record: Metadata reviewed, not verified. Some fields updated by batch processes. 300 $aTitle from PDF title page. 320 $aIncludes bibliographical references. 517 $aInterlaboratory programs for rubber 700 $aHorlick$b J$01386491 701 $aBullman$b G. W$01386492 701 $aCummings$b T. L$01386493 701 $aHorlick$b J$01386491 712 02$aUnited States.$bNational Bureau of Standards. 801 0$bNBS 801 1$bNBS 801 2$bGPO 906 $aBOOK 912 $a9910709906303321 996 $aInterlaboratory programs for rubber$93435446 997 $aUNINA